Managing development : (Record no. 541428)
[ view plain ]
| 000 -LEADER | |
|---|---|
| fixed length control field | 00843cam a2200229 a 4500 |
| 020 ## - INTERNATIONAL STANDARD BOOK NUMBER | |
| International Standard Book Number | 0761964789 |
| 020 ## - INTERNATIONAL STANDARD BOOK NUMBER | |
| International Standard Book Number | 0761964797 (pbk) |
| 082 00 - DEWEY DECIMAL CLASSIFICATION NUMBER | |
| Classification number | 338.91 |
| Author Mark | ROB |
| 245 00 - TITLE STATEMENT | |
| Title | Managing development : |
| Remainder of title | understanding inter-organizational relationships / |
| Statement of responsibility, etc. | edited by Dorcas Robinson, Tom Hewitt, John Harriss. |
| 260 ## - PUBLICATION, DISTRIBUTION, ETC. | |
| Place of publication, distribution, etc. | London ; |
| -- | Thousand Oaks, Calif. : |
| Name of publisher, distributor, etc. | SAGE, |
| Date of publication, distribution, etc. | 2000. |
| 300 ## - PHYSICAL DESCRIPTION | |
| Extent | 360 p. : |
| Other physical details | ill. ; |
| Dimensions | 23 cm. |
| 500 ## - GENERAL NOTE | |
| General note | Published in association with the Open University. |
| 526 ## - STUDY PROGRAM INFORMATION NOTE | |
| Program name | 0 |
| Interest level | 0 |
| Reading level | 0 |
| Title point value | 338_910000000000000_ROB |
| 650 #0 - SUBJECT ADDED ENTRY--TOPICAL TERM | |
| Topical term or geographic name entry element | Economic development. |
| 9 (RLIN) | 6798 |
| 650 #0 - SUBJECT ADDED ENTRY--TOPICAL TERM | |
| Topical term or geographic name entry element | International cooperation. |
| 9 (RLIN) | 12487 |
| 650 #0 - SUBJECT ADDED ENTRY--TOPICAL TERM | |
| Topical term or geographic name entry element | Interorganizational relations. |
| Topical term following geographic name entry element | NUST |
| 9 (RLIN) | 36283 |
| 700 1# - ADDED ENTRY--PERSONAL NAME | |
| Personal name | Harriss, John. |
| 9 (RLIN) | 36284 |
| 700 1# - ADDED ENTRY--PERSONAL NAME | |
| Personal name | Hewitt, Tom |
| 9 (RLIN) | 36285 |
| 700 1# - ADDED ENTRY--PERSONAL NAME | |
| Personal name | Robinson, Dorcas. |
| 9 (RLIN) | 36286 |
| 710 2# - ADDED ENTRY--CORPORATE NAME | |
| Corporate name or jurisdiction name as entry element | Open University. |
| 9 (RLIN) | 36287 |
| 942 ## - ADDED ENTRY ELEMENTS (KOHA) | |
| Source of classification or shelving scheme | |
| Koha item type | Book |
| Withdrawn status | Lost status | Source of classification or shelving scheme | Damaged status | Not for loan | Permanent Location | Current Location | Date acquired | Cost, normal purchase price | Total Checkouts | Full call number | Barcode | Date last seen | Price effective from | Koha item type |
|---|---|---|---|---|---|---|---|---|---|---|---|---|---|---|
| Military College of Engineering (MCE) | Military College of Engineering (MCE) | 07/17/2013 | 6525.00 | 338.91 ROB | MCE-47478 | 07/17/2013 | 07/17/2013 | Book |
